[Event "1er Open International de Purticciu"]
[Site "Grosseto Prugna"]
[Date "2014.05.06"]
[Round "4.4"]
[White "Tregubov, Pavel V"]
[Black "Piscopo, Pierluigi"]
[Result "1/2-1/2"]
[WhiteElo "2616"]
[BlackElo "2409"]
[PlyCount "123"]
[EventDate "2014.??.??"]

1. d4 Nf6 2. c4 c5 3. d5 e6 4. Nc3 exd5 5. cxd5 d6 6. Nf3 g6 7. Bf4 a6 8. a4
Bg7 9. h3 O-O 10. e3 Ne8 11. Be2 Nd7 12. O-O Rb8 13. Re1 Qe7 14. Nd2 f5 15. Bf1
Ne5 16. Bh2 Nf6 17. a5 Bd7 18. Qb3 Ne4 19. Ncxe4 fxe4 20. Nxe4 Bxh3 21. f4 Bf5
22. Nxd6 Qxd6 23. fxe5 Bxe5 24. Bxe5 Qxe5 25. Rad1 Be4 26. d6+ Kg7 27. Qc3 Qxc3
28. bxc3 Rfd8 29. Bd3 Bxd3 30. Rxd3 Kf6 31. e4 Ke5 32. Rd5+ Ke6 33. Red1 b5 34.
e5 b4 35. Rxc5 b3 36. c4 b2 37. Rb1 Rf8 38. Rd5 Rfc8 39. d7 Rd8 40. Rd6+ Kxe5
41. Rb6 Rxb6 42. axb6 Rxd7 43. Rxb2 Rb7 44. c5 Kd5 45. Rc2 Kc6 46. Kf2 Re7 47.
Ra2 Kxc5 48. Rxa6 Rb7 49. Kf3 Kc6 50. Kf4 Rf7+ 51. Kg4 Rf5 52. g3 Rh5 53. Kf4
Kb7 54. Ra1 Rf5+ 55. Ke4 Kxb6 56. g4 Rb5 57. Rh1 h5 58. gxh5 Rxh5 59. Rxh5 gxh5
60. Kf4 h4 61. Kg4 Kc5 62. Kxh4 1/2-1/2

[Event "1er Open International de Purticciu"]
[Site "Grosseto Prugna"]
[Date "2014.05.06"]
[Round "4.5"]
[White "Kurayan, Ruslan"]
[Black "Burmakin, Vladimir"]
[Result "0-1"]
[WhiteElo "2393"]
[BlackElo "2578"]
[PlyCount "96"]
[EventDate "2014.??.??"]

1. e4 c6 2. d4 d5 3. exd5 cxd5 4. c4 Nf6 5. Nc3 g6 6. cxd5 Nxd5 7. Qb3 Nb6 8.
Bb5+ Bd7 9. Nf3 Bg7 10. Ne5 O-O 11. Nxd7 N8xd7 12. O-O Nf6 13. Rd1 Nc8 14. Bf4
Nd6 15. Be2 Qd7 16. Bf3 Rac8 17. a4 b6 18. a5 Rb8 19. a6 Nfe8 20. Nd5 Rc8 21.
Re1 e6 22. Nxb6 axb6 23. Qxb6 Qb5 24. Qa5 Bxd4 25. a7 Qxb2 26. Ra2 Bxf2+ 27.
Kf1 Bxe1 28. Kxe1 Qd4 29. Qd2 Qxd2+ 30. Rxd2 Nb5 31. a8=Q Rxa8 32. Bxa8 Nf6 33.
Bc6 Nc3 34. Bh6 Rb8 35. Rc2 Nfe4 36. Be3 Rb1+ 37. Rc1 Rxc1+ 38. Bxc1 f5 39. Bb2
Kf7 40. g3 Ke7 41. Kf1 Kd6 42. Bb7 e5 43. Kg2 Nc5 44. Ba3 Nb5 45. Bb4 Nd4 46.
Ba8 Nc6 47. Ba3 g5 48. h3 e4 0-1

[Event "1er Open International de Purticciu"]
[Site "Grosseto Prugna"]
[Date "2014.05.06"]
[Round "4.6"]
[White "Malaniuk, Vladimir P"]
[Black "Skomorokhin, Roman"]
[Result "1-0"]
[WhiteElo "2550"]
[BlackElo "2384"]
[PlyCount "76"]
[EventDate "2014.??.??"]

1. d4 Nf6 2. c4 c5 3. d5 b5 4. cxb5 a6 5. bxa6 g6 6. Nc3 Bxa6 7. e4 Bxf1 8.
Kxf1 d6 9. Nf3 Bg7 10. g3 O-O 11. Kg2 Nbd7 12. a4 Ra6 13. Qc2 Qa8 14. Ra3 e6
15. dxe6 fxe6 16. Re1 d5 17. exd5 exd5 18. Bf4 Nh5 19. Bg5 Ndf6 20. Nb5 Qc8 21.
Qd2 Qb7 22. Re5 h6 23. Bxf6 Nxf6 24. Qd3 g5 25. h3 Kh8 26. Rf5 Re6 27. b3 Ne4
28. Rxf8+ Bxf8 29. Ra2 Bg7 30. Re2 Rf6 31. Kg1 Rf8 32. Nd2 Nxd2 33. Rxd2 d4 34.
Nd6 Qd7 35. Ne4 Qxh3 36. Nxc5 Rb8 37. Qc2 Qc8 38. Qc4 Qf5 1-0

[Event "1er Open International de Purticciu"]
[Site "Grosseto Prugna"]
[Date "2014.05.06"]
[Round "4.7"]
[White "Paoli, Guillaume"]
[Black "Koziak, Vitali"]
[Result "0-1"]
[WhiteElo "1832"]
[BlackElo "2502"]
[PlyCount "78"]
[EventDate "2014.??.??"]

1. c4 Nf6 2. Nc3 c5 3. g3 d5 4. cxd5 Nxd5 5. Bg2 Nc7 6. e3 e5 7. Nge2 Nc6 8.
O-O Be7 9. f4 exf4 10. Nxf4 O-O 11. Nfd5 Nxd5 12. Nxd5 Bd6 13. d4 Ne7 14. e4
cxd4 15. Qxd4 Nc6 16. Qc3 Be5 17. Qd3 Be6 18. Be3 Qd6 19. Rac1 Rfd8 20. a3 Bxb2
21. Rb1 Bxa3 22. Rxb7 Rab8 23. Rxb8 Rxb8 24. Bf4 Bc5+ 25. Kh1 Ne5 26. Qc3 f6
27. Rd1 Kh8 28. h3 h6 29. Qc1 Qf8 30. Nc7 Bb3 31. Rf1 Bd6 32. Nd5 a5 33. Ne3 a4
34. Nf5 Rc8 35. Qd2 Bb4 36. Qe3 Qc5 37. Bxh6 Qxe3 38. Bxe3 a3 39. Bd4 Bc3 0-1

[Event "1er Open International de Purticciu"]
[Site "Grosseto Prugna"]
[Date "2014.05.06"]
[Round "4.8"]
[White "Sorm, Daniel"]
[Black "Biancarelli, Pablo"]
[Result "1-0"]
[WhiteElo "2316"]
[BlackElo "1735"]
[PlyCount "85"]
[EventDate "2014.??.??"]

1. d4 d5 2. e3 Nf6 3. Bd3 e6 4. Nd2 c5 5. c3 b6 6. f4 Bb7 7. Qf3 cxd4 8. exd4
Bd6 9. Nh3 Qc7 10. O-O h5 11. Qe2 Nbd7 12. g3 O-O 13. Ng5 Rae8 14. Ndf3 g6 15.
Ne5 Kg7 16. Qc2 Ne4 17. Nxe4 dxe4 18. Bxe4 f5 19. Bxb7 Bxe5 20. dxe5 Qxb7 21.
Be3 Nb8 22. Rfd1 Rf7 23. Rd6 Qf3 24. Qf2 Qxf2+ 25. Kxf2 Rd7 26. Rxd7+ Nxd7 27.
a4 Rd8 28. Ke2 Kf7 29. a5 Rb8 30. axb6 axb6 31. Ra7 Ke8 32. Kd3 g5 33. Kc4 gxf4
34. gxf4 Rd8 35. Kb5 Ke7 36. Kc6 Rc8+ 37. Rc7 Rxc7+ 38. Kxc7 Nf8 39. Bxb6 Ng6
40. Be3 Nh4 41. b4 Ng2 42. Bd2 h4 43. h3 1-0

[Event "1er Open International de Purticciu"]
[Site "Grosseto Prugna"]
[Date "2014.05.06"]
[Round "4.9"]
[White "Bunoust, Lucas"]
[Black "Brethes, Francois"]
[Result "0-1"]
[WhiteElo "1714"]
[BlackElo "2257"]
[PlyCount "46"]
[EventDate "2014.??.??"]

1. d4 Nf6 2. c4 e6 3. Nc3 Bb4 4. Qc2 c5 5. dxc5 Bxc5 6. Bg5 Bxf2+ 7. Kxf2 Ng4+
8. Ke1 Qxg5 9. Nf3 Qe3 10. Nd1 Qc5 11. Qc3 O-O 12. h3 Nf6 13. Nf2 Nc6 14. a3 b6
15. e3 a5 16. b3 Bb7 17. Kd2 Rfd8 18. Kc2 Rac8 19. Kb2 d5 20. Nd4 dxc4 21. Nxc6
Rxc6 22. b4 Qf5 23. Nd1 Ne4 0-1

[Event "1er Open International de Purticciu"]
[Site "Grosseto Prugna"]
[Date "2014.05.06"]
[Round "4.10"]
[White "Macqueen, Calum"]
[Black "Medaglia, Enzo"]
[Result "1-0"]
[WhiteElo "2226"]
[BlackElo "1721"]
[PlyCount "77"]
[EventDate "2014.??.??"]

1. e4 c5 2. b3 Nc6 3. Bb2 e6 4. Nf3 Nf6 5. e5 Nd5 6. c4 Nde7 7. Na3 a6 8. Nc2
Ng6 9. h4 h5 10. Qe2 Qc7 11. Qe3 b6 12. Bd3 Nce7 13. Be4 Bb7 14. O-O-O Nf5 15.
Bxf5 exf5 16. Qg5 Be4 17. d3 Be7 18. Qe3 Bc6 19. Rh2 O-O-O 20. Ng5 Rhf8 21. f4
a5 22. g3 f6 23. exf6 gxf6 24. Nf3 Rde8 25. Re2 Kb7 26. Rde1 d5 27. Qf2 dxc4
28. dxc4 a4 29. Nd2 axb3 30. axb3 Bd8 31. Rxe8 Rxe8 32. Rxe8 Bxe8 33. Ne3 Bd7
34. Qf3+ Kb8 35. Qxh5 Nxf4 36. gxf4 Qxf4 37. Nd5 Qd6 38. Qh8 Bc8 39. Bxf6 1-0

[Event "1er Open International de Purticciu"]
[Site "Grosseto Prugna"]
[Date "2014.05.06"]
[Round "5.1"]
[White "Fressinet, Laurent"]
[Black "Burmakin, Vladimir"]
[Result "1-0"]
[WhiteElo "2711"]
[BlackElo "2578"]
[PlyCount "99"]
[EventDate "2014.??.??"]

1. Nf3 d5 2. g3 c6 3. Bg2 Bf5 4. O-O e6 5. c4 Nf6 6. cxd5 exd5 7. d3 Be7 8. Qb3
Qb6 9. Qc2 O-O 10. Nc3 h6 11. e4 Bh7 12. Be3 Qa6 13. Rfd1 Nbd7 14. h3 Rfd8 15.
Rac1 Nf8 16. Qb3 Ne6 17. Nd4 Nc7 18. Bf4 Ne6 19. Nxe6 fxe6 20. Re1 Bf8 21. Ne2
Qb6 22. Qc2 Rac8 23. Be5 Nd7 24. Bc3 Re8 25. h4 Rcd8 26. b4 Nf6 27. e5 Nd7 28.
Nf4 c5 29. bxc5 Nxc5 30. Bd4 Rc8 31. Bh3 Kh8 32. Qe2 Qa6 33. Bxc5 Bxc5 34. Nxe6
Rxe6 35. d4 Bd3 36. Qe3 Bc4 37. dxc5 Rce8 38. Bxe6 Rxe6 39. Qf4 Bd3 40. Rcd1
Kg8 41. Re3 Bc4 42. Rf3 Qc6 43. Qf8+ Kh7 44. Qf5+ Kh8 45. Rd4 Re8 46. Qf7 Qc8
47. Rdf4 Rxe5 48. Qf8+ Qxf8 49. Rxf8+ Kh7 50. Re3 1-0

[Event "1er Open International de Purticciu"]
[Site "Grosseto Prugna"]
[Date "2014.05.06"]
[Round "5.2"]
[White "Koziak, Vitali"]
[Black "Edouard, Romain"]
[Result "0-1"]
[WhiteElo "2502"]
[BlackElo "2692"]
[PlyCount "88"]
[EventDate "2014.??.??"]

1. d4 Nf6 2. Nf3 g6 3. c3 Bg7 4. Bf4 O-O 5. e3 d6 6. h3 Nfd7 7. e4 e5 8. dxe5
dxe5 9. Bg5 Qe8 10. Bc4 Kh8 11. h4 Nb6 12. Be2 h6 13. Be3 f5 14. h5 g5 15. g4
f4 16. Bc5 Rf6 17. Nfd2 Bf8 18. Bxf8 Rxf8 19. Na3 Be6 20. Qc2 Qf7 21. f3 a5 22.
O-O a4 23. b4 c5 24. bxc5 N6d7 25. Bc4 Nxc5 26. Rab1 Nbd7 27. Bxe6 Qxe6 28.
Ndc4 Ra6 29. Qf2 Rc6 30. Na5 Nxe4 31. Qe1 Ng3 32. Nxc6 Nxf1 33. Nd4 Qxa2 34.
Kxf1 Qxa3 35. Nf5 Qc5 36. Qe4 a3 37. Qxb7 Rb8 38. Qxb8+ Nxb8 39. Rxb8+ Kh7 40.
Rb7+ Kg8 41. Rb8+ Kf7 42. Nxh6+ Ke6 43. Nf5 a2 44. Ra8 Qb5+ 0-1

[Event "1er Open International de Purticciu"]
[Site "Grosseto Prugna"]
[Date "2014.05.06"]
[Round "5.3"]
[White "Beliavsky, Alexander G"]
[Black "Malaniuk, Vladimir P"]
[Result "1/2-1/2"]
[WhiteElo "2620"]
[BlackElo "2550"]
[PlyCount "65"]
[EventDate "2014.??.??"]

1. d4 f5 2. g3 Nf6 3. Bg2 g6 4. c4 Bg7 5. Nc3 d6 6. Nf3 O-O 7. O-O e6 8. b3 Nc6
9. Ba3 Ne4 10. Rc1 Nxc3 11. Rxc3 Qf6 12. Rd3 g5 13. d5 Nd8 14. dxe6 Nxe6 15.
Rd2 Qg6 16. Bb2 Bxb2 17. Rxb2 Qg7 18. Rd2 a5 19. h4 gxh4 20. Nxh4 f4 21. Kh2
Kh8 22. e3 fxg3+ 23. fxg3 Rxf1 24. Qxf1 Nc5 25. Qf4 Be6 26. Qd4 Rf8 27. Bf3 Kg8
28. Kg2 b6 29. Rd1 Rf7 30. Rd2 Rf8 31. Rd1 Rf7 32. Rd2 Rf8 33. Rd1 1/2-1/2

[Event "1er Open International de Purticciu"]
[Site "Grosseto Prugna"]
[Date "2014.05.06"]
[Round "5.4"]
[White "Hamitevici, Vladimir"]
[Black "Tregubov, Pavel V"]
[Result "1-0"]
[WhiteElo "2462"]
[BlackElo "2616"]
[PlyCount "69"]
[EventDate "2014.??.??"]

1. d4 Nf6 2. c4 Nc6 3. Nc3 e5 4. d5 Ne7 5. h4 h5 6. Bg5 d6 7. e4 Ng6 8. g3 Be7
9. Bd3 c6 10. Qd2 cxd5 11. cxd5 Bd7 12. f3 Qb8 13. a4 Bd8 14. a5 Nh7 15. Bxd8
Qxd8 16. Nb5 Bxb5 17. Bxb5+ Kf8 18. a6 b6 19. Bc6 Rc8 20. Ne2 Ne7 21. Bb7 Rc7
22. Nc3 Qd7 23. Qd3 g5 24. Nb5 gxh4 25. Rxh4 Ng5 26. Nxa7 Kg7 27. Nc6 Ng6 28.
Rh1 h4 29. O-O-O Rxb7 30. axb7 Qxb7 31. gxh4 Nxh4 32. Rdg1 f6 33. Kb1 Qf7 34.
Qe3 b5 35. Rxh4 1-0

[Event "1er Open International de Purticciu"]
[Site "Grosseto Prugna"]
[Date "2014.05.06"]
[Round "5.5"]
[White "Piscopo, Pierluigi"]
[Black "Stets, Dmitry"]
[Result "0-1"]
[WhiteElo "2409"]
[BlackElo "2410"]
[PlyCount "83"]
[EventDate "2014.??.??"]

1. e4 c5 2. Nf3 d6 3. Bb5+ Nd7 4. O-O a6 5. Bd3 Ngf6 6. Re1 e5 7. c3 Be7 8. Bc2
O-O 9. d4 Re8 10. b4 b6 11. Nbd2 Bf8 12. bxc5 bxc5 13. dxe5 Nxe5 14. Nxe5 dxe5
15. Nc4 Qc7 16. Bg5 Bg4 17. Qd3 Nd7 18. Rab1 Be6 19. Bb3 Rac8 20. Red1 h6 21.
Bh4 Be7 22. Bxe7 Rxe7 23. Qd6 Nf6 24. f3 Qa7 25. Qb6 Qa8 26. Qa5 Qa7 27. Rd6
Ra8 28. Rbd1 Ne8 29. Rd8 Rxd8 30. Rxd8 Kh7 31. Qb6 Qxb6 32. Nxb6 Nc7 33. Bxe6
Nxe6 34. Rb8 Rc7 35. Nc4 Rd7 36. Nxe5 Rd2 37. Nxf7 Nf4 38. g3 Ne2+ 39. Kh1 Nxc3
40. e5 Kg6 41. Nd6 Rxa2 42. Rc8 {suite illisible} 0-1

[Event "1er Open International de Purticciu"]
[Site "Grosseto Prugna"]
[Date "2014.05.06"]
[Round "5.6"]
[White "Terrieux, Kevin"]
[Black "Guyon, Pascal"]
[Result "1-0"]
[WhiteElo "2416"]
[BlackElo "1883"]
[PlyCount "93"]
[EventDate "2014.??.??"]

1. d4 Nf6 2. c4 e6 3. Nf3 d5 4. g3 Be7 5. Bg2 O-O 6. O-O Nbd7 7. Qc2 c6 8. Bf4
Re8 9. Rd1 Nf8 10. Nc3 Ng6 11. Bg5 h6 12. Bxf6 Bxf6 13. e4 dxe4 14. Nxe4 Be7
15. Ne5 Nf8 16. c5 f5 17. Nc3 Qc7 18. b4 a6 19. Re1 Bf6 20. Rad1 Bd7 21. a4
Red8 22. Bf1 Be8 23. Bc4 Bxe5 24. dxe5 Rxd1 25. Nxd1 Bf7 26. Nb2 Rd8 27. Bf1
Rd4 28. Nc4 g5 29. Qc3 Rd7 30. Nd6 Ng6 31. Nxf5 Kh7 32. Nd6 Qd8 33. Bc4 Bg8 34.
Ne4 Kg7 35. Nd6 Ne7 36. Re3 Ng6 37. Rf3 Re7 38. a5 Nf8 39. Bd3 Bh7 40. Rf6 Bg8
41. Be4 Bf7 42. Qf3 Qc7 43. h4 Qd7 44. hxg5 hxg5 45. Qg4 Nh7 46. Bxh7 Kxh7 47.
Qxg5 1-0

[Event "1er Open International de Purticciu"]
[Site "Grosseto Prugna"]
[Date "2014.05.06"]
[Round "5.7"]
[White "Le Diouron, Aurelie"]
[Black "Kurayan, Ruslan"]
[Result "0-1"]
[WhiteElo "1979"]
[BlackElo "2393"]
[PlyCount "98"]
[EventDate "2014.??.??"]

1. e4 c5 2. Nf3 d6 3. d4 cxd4 4. Nxd4 Nf6 5. Nc3 g6 6. Be3 Bg7 7. f3 O-O 8. Qd2
Nc6 9. Bc4 Bd7 10. O-O-O Qa5 11. Bb3 Rfc8 12. Kb1 Ne5 13. h4 Nc4 14. Bxc4 Rxc4
15. Nb3 Qc7 16. Bd4 Be6 17. h5 a5 18. hxg6 hxg6 19. Be3 a4 20. Nd4 Qa5 21. Bh6
Nxe4 22. fxe4 Rxd4 23. Qf2 Rxd1+ 24. Nxd1 Bf6 25. Bd2 Qc5 26. Qxc5 dxc5 27. Bc3
Kg7 28. Bxf6+ Kxf6 29. Nc3 Ke5 30. b3 a3 31. Kc1 Rb8 32. Kd2 b5 33. Ke3 b4 34.
Ne2 Rc8 35. Nf4 c4 36. Nxe6 Kxe6 37. bxc4 Rxc4 38. Kd3 Rc3+ 39. Kd2 Ke5 40. Rh7
Ke6 41. Rh8 Rg3 42. Rb8 Rxg2+ 43. Kd3 Rg1 44. Rxb4 Ra1 45. Rb6+ Ke5 46. Rb7 Kf6
47. c4 Rxa2 48. c5 Ra1 49. Ra7 a2 0-1

[Event "1er Open International de Purticciu"]
[Site "Grosseto Prugna"]
[Date "2014.05.06"]
[Round "5.8"]
[White "Skomorokhin, Roman"]
[Black "Canonne, Antoine"]
[Result "1-0"]
[WhiteElo "2384"]
[BlackElo "1954"]
[PlyCount "93"]
[EventDate "2014.??.??"]

1. d4 Nf6 2. c4 e6 3. Nf3 Bb4+ 4. Nc3 O-O 5. Bg5 d5 6. e3 Nbd7 7. cxd5 exd5 8.
Bd3 c5 9. O-O Bxc3 10. bxc3 Qa5 11. Qc2 h6 12. Bh4 Re8 13. Nd2 c4 14. Bf5 Qa6
15. Rab1 Nf8 16. Bxc8 Raxc8 17. Bxf6 gxf6 18. e4 Qc6 19. Rbe1 Ng6 20. f4 dxe4
21. Nxe4 f5 22. Ng3 Rxe1 23. Rxe1 Re8 24. Rxe8+ Qxe8 25. Qd2 Qb5 26. Nh5 Kf8
27. Qc1 Qa6 28. Qd2 Qb5 29. h3 Qb1+ 30. Kh2 a5 31. Qe2 Qb5 32. Kg3 Qc6 33. Qb2
b6 34. Kh2 Kg8 35. d5 Qc5 36. Qd2 Kf8 37. d6 Ke8 38. Nf6+ Kd8 39. Qe2 Qxd6 40.
Qe8+ Kc7 41. Qxf7+ Kc6 42. Qxc4+ Qc5 43. Qe6+ Kb5 44. Qe8+ Kc4 45. Qxg6 Kxc3
46. Nd7 Qe3 47. Nxb6 1-0

[Event "1er Open International de Purticciu"]
[Site "Grosseto Prugna"]
[Date "2014.05.06"]
[Round "5.9"]
[White "Lagunes, Matthieu"]
[Black "Sorm, Daniel"]
[Result "0-1"]
[WhiteElo "1911"]
[BlackElo "2316"]
[PlyCount "62"]
[EventDate "2014.??.??"]

1. e4 d6 2. d4 Nf6 3. Nc3 Nbd7 4. Be3 e5 5. Nge2 Ng4 6. Qd2 Be7 7. Nd5 Nxe3 8.
Qxe3 O-O 9. Nxe7+ Qxe7 10. Ng3 exd4 11. Qxd4 Nc5 12. O-O-O a5 13. Bc4 Bd7 14.
f4 Kh8 15. Rhe1 b5 16. Bd3 f6 17. Nf5 Qf7 18. g4 Qxa2 19. g5 Nxd3+ 20. cxd3
Bxf5 21. gxf6 Rxf6 22. exf5 Raf8 23. Rg1 Qf7 24. Rg4 Rxf5 25. Rdg1 Rxf4 26.
Qxg7+ Qxg7 27. Rxg7 Rf1+ 28. Kc2 R8f2+ 29. Kc3 Rxg1 30. Rxg1 Rxh2 31. Kb3 a4+
0-1

[Event "1er Open International de Purticciu"]
[Site "Grosseto Prugna"]
[Date "2014.05.06"]
[Round "5.10"]
[White "Brethes, Francois"]
[Black "Paoli, Guillaume"]
[Result "1-0"]
[WhiteElo "2257"]
[BlackElo "1832"]
[PlyCount "75"]
[EventDate "2014.??.??"]

1. e4 c5 2. Nf3 e6 3. d4 cxd4 4. Nxd4 Nf6 5. Bd3 Nc6 6. Nxc6 bxc6 7. O-O d5 8.
Qf3 dxe4 9. Bxe4 Nxe4 10. Qxe4 Qd5 11. Nc3 Qxe4 12. Nxe4 Be7 13. Be3 e5 14.
Rfd1 Be6 15. Nd6+ Bxd6 16. Rxd6 Bd5 17. b3 O-O 18. c4 Be6 19. Rxc6 a5 20. Bc5
Rfc8 21. Rxc8+ Rxc8 22. Bd6 f6 23. f4 exf4 24. Bxf4 Kf7 25. Kf2 Ke8 26. Ke3 Bg4
27. Kd4 Kd7 28. Re1 Rc6 29. Re3 g5 30. Bg3 f5 31. Re5 a4 32. Rd5+ Ke6 33. b4 h5
34. b5 Rc8 35. h3 Bd1 36. Kc3 f4 37. Rxd1 fxg3 38. Kb4 1-0

[Event "1er Open International de Purticciu"]
[Site "Grosseto Prugna"]
[Date "2014.05.06"]
[Round "6.1"]
[White "Edouard, Romain"]
[Black "Fressinet, Laurent"]
[Result "1/2-1/2"]
[WhiteElo "2692"]
[BlackElo "2711"]
[PlyCount "56"]
[EventDate "2014.??.??"]

1. d4 Nf6 2. c4 e6 3. Nf3 d5 4. Nc3 Be7 5. Bf4 O-O 6. e3 Nbd7 7. a3 c5 8. dxc5
Nxc5 9. Rc1 dxc4 10. Bxc4 Qxd1+ 11. Rxd1 b6 12. b4 Nce4 13. Nxe4 Nxe4 14. Ne5
Nd6 15. Be2 Bb7 16. Nd7 Rfd8 17. Bxd6 Rxd7 18. Bxe7 Rxe7 19. f3 Rc7 20. Kf2 Kf8
21. Rc1 Rac8 22. Rxc7 Rxc7 23. Rd1 Ke7 24. Ke1 Rc3 25. Rd3 Rc2 26. Rd2 Rc3 27.
Rd3 Rc2 28. Rd2 Rc3 1/2-1/2

[Event "1er Open International de Purticciu"]
[Site "Grosseto Prugna"]
[Date "2014.05.06"]
[Round "6.2"]
[White "Burmakin, Vladimir"]
[Black "Beliavsky, Alexander G"]
[Result "1-0"]
[WhiteElo "2578"]
[BlackElo "2620"]
[PlyCount "97"]
[EventDate "2014.??.??"]

1. Nf3 Nf6 2. c4 e6 3. g3 d5 4. Bg2 Be7 5. O-O O-O 6. b3 c5 7. cxd5 Nxd5 8. Bb2
Nc6 9. Nc3 Bf6 10. Qc2 Nxc3 11. Bxc3 e5 12. Bb2 Qd6 13. d3 Bg4 14. h3 Bxf3 15.
Bxf3 Rac8 16. Bg2 h5 17. Rfd1 h4 18. g4 Rfd8 19. e3 g6 20. Be4 Rd7 21. Kh1 Bg7
22. Qe2 Qe7 23. Rg1 Rcd8 24. Bc3 Qe6 25. Qb2 b5 26. Qe2 Ne7 27. Rad1 Nd5 28.
Ba1 Nf6 29. Bg2 e4 30. d4 cxd4 31. Rxd4 Rxd4 32. Bxd4 a6 33. Qc2 Rc8 34. Qb1
Re8 35. Qa1 Re7 36. Rd1 Ne8 37. Bxg7 Nxg7 38. Rd8+ Ne8 39. Qc3 f5 40. gxf5 gxf5
41. Bf1 Qg6 42. Qc8 Kh7 43. Be2 Rg7 44. Bg4 fxg4 45. Rxe8 Qf6 46. Rh8+ Kg6 47.
Qxg4+ Kf7 48. Qd7+ Kg6 49. Qe8+ 1-0

[Event "1er Open International de Purticciu"]
[Site "Grosseto Prugna"]
[Date "2014.05.06"]
[Round "6.3"]
[White "Malaniuk, Vladimir P"]
[Black "Koziak, Vitali"]
[Result "1-0"]
[WhiteElo "2550"]
[BlackElo "2502"]
[PlyCount "85"]
[EventDate "2014.??.??"]

1. d4 d5 2. c4 c6 3. Nf3 Nf6 4. e3 Bg4 5. h3 Bxf3 6. Qxf3 g6 7. Nc3 Bg7 8. Bd3
O-O 9. O-O dxc4 10. Bxc4 Nbd7 11. Rd1 e5 12. d5 e4 13. Nxe4 Ne5 14. Nxf6+ Bxf6
15. Qe2 Nxc4 16. Qxc4 cxd5 17. Rxd5 Qb6 18. e4 Bxb2 19. Be3 Rfc8 20. Qe2 Qb4
21. Rb5 Qxb5 22. Qxb5 Bxa1 23. Qxb7 a5 24. Bf4 a4 25. Bd6 Re8 26. e5 a3 27. f4
Bb2 28. h4 h5 29. Kh2 Rad8 30. Be7 Rd4 31. Bg5 Rc4 32. Qd7 Rf8 33. e6 Rd4 34.
exf7+ Rxf7 35. Qe8+ Kg7 36. Bh6+ Kxh6 37. Qxf7 Re4 38. Qf8+ Kh7 39. g3 Re2+ 40.
Kh3 Rf2 41. Qe7+ Kg8 42. Qe1 Bd4 43. Qe4 1-0

[Event "1er Open International de Purticciu"]
[Site "Grosseto Prugna"]
[Date "2014.05.06"]
[Round "6.4"]
[White "Macqueen, Calum"]
[Black "Hamitevici, Vladimir"]
[Result "1/2-1/2"]
[WhiteElo "2226"]
[BlackElo "2462"]
[PlyCount "114"]
[EventDate "2014.??.??"]

1. d4 e6 2. c4 b6 3. a3 Bb7 4. d5 Nf6 5. Nc3 Bd6 6. e4 O-O 7. g3 exd5 8. cxd5
c6 9. Bg2 Re8 10. Nge2 Na6 11. b4 cxd5 12. exd5 Nc7 13. O-O Ba6 14. Re1 Bc4 15.
Be3 Rc8 16. Rc1 Nb5 17. Nxb5 Bxb5 18. Nd4 Rxc1 19. Qxc1 Bd3 20. Rd1 Be4 21. Nb5
Bb8 22. d6 Bxg2 23. Kxg2 Qc8 24. Qxc8 Rxc8 25. Rc1 Rxc1 26. Bxc1 Nd5 27. Bf4 g5
28. Bxg5 a6 29. Nc7 Bxc7 30. dxc7 Nxc7 31. Kf3 Ne6 32. Be3 b5 33. Ke4 Kf8 34.
f4 Ke7 35. f5 Nc7 36. Bb6 Ne8 37. Ke5 d6+ 38. Kf4 h6 39. g4 Nf6 40. Bd4 Ng8 41.
h4 f6 42. Ke4 Kd7 43. Kd5 Ne7+ 44. Ke4 Ng8 45. Bb2 Ke7 46. Kf4 Kf7 47. Bd4 Ne7
48. Ke4 d5+ 49. Kf4 Nc6 50. Bb2 a5 51. bxa5 Nxa5 52. Bc1 Nc4 53. Kf3 Kg7 54.
Kf4 Kf7 55. Kf3 Kg7 56. Kf4 Kf7 57. Kf3 Kg7 1/2-1/2

[Event "1er Open International de Purticciu"]
[Site "Grosseto Prugna"]
[Date "2014.05.06"]
[Round "6.5"]
[White "Oswald, David C"]
[Black "Terrieux, Kevin"]
[Result "0-1"]
[WhiteElo "2108"]
[BlackElo "2416"]
[PlyCount "66"]
[EventDate "2014.??.??"]

1. e4 e5 2. f4 Nc6 3. Nc3 exf4 4. Nf3 g5 5. g3 Bg7 6. Bc4 g4 7. Nh4 d6 8. Rf1
f3 9. d3 Be6 10. Nd5 Ne5 11. Bb3 Bxd5 12. Bxd5 Ne7 13. Bb3 N5g6 14. Nxf3 gxf3
15. Bxf7+ Kxf7 16. Qxf3+ Ke8 17. Qf7+ Kd7 18. Qxg7 Qg8 19. Qh6 Rf8 20. Rxf8
Nxf8 21. Be3 Qg4 22. Kd2 Qg6 23. Rf1 Ne6 24. Rf6 Qxh6 25. Bxh6 Nd8 26. Ke3 Rg8
27. Bf4 Ne6 28. Rh6 Rg7 29. d4 Ng6 30. Rh5 Rf7 31. Rf5 Rxf5 32. exf5 Nexf4 33.
gxf4 Nh4 0-1

[Event "1er Open International de Purticciu"]
[Site "Grosseto Prugna"]
[Date "2014.05.06"]
[Round "6.6"]
[White "Stets, Dmitry"]
[Black "De Seroux, Camille"]
[Result "1-0"]
[WhiteElo "2410"]
[BlackElo "2118"]
[PlyCount "63"]
[EventDate "2014.??.??"]

1. e4 c5 2. Nf3 d6 3. d4 cxd4 4. Nxd4 Nf6 5. Nc3 Nc6 6. Bg5 Qb6 7. Nb3 e6 8.
Bxf6 gxf6 9. Be2 Bd7 10. O-O a6 11. Bh5 Rg8 12. a4 Rg5 13. Kh1 Na5 14. f4 Rg7
15. Nxa5 Qxa5 16. Bf3 Bc6 17. Qd4 Be7 18. b4 Qc7 19. f5 Rc8 20. Rad1 Bd7 21.
Rd3 Kf8 22. Qe3 Kg8 23. Bh5 Kh8 24. h3 Rcg8 25. Bg4 Rg5 26. Qd2 Qc4 27. Rb1 Bc6
28. Rd4 Qxd4 29. Qxd4 exf5 30. Bf3 fxe4 31. Nxe4 Rd5 32. Qc3 1-0

[Event "1er Open International de Purticciu"]
[Site "Grosseto Prugna"]
[Date "2014.05.06"]
[Round "6.7"]
[White "Kurayan, Ruslan"]
[Black "Grove, Michael"]
[Result "1-0"]
[WhiteElo "2393"]
[BlackElo "2050"]
[PlyCount "119"]
[EventDate "2014.??.??"]

1. e4 e5 2. Nf3 Nc6 3. d4 exd4 4. Nxd4 Bb4+ 5. c3 Bc5 6. Be3 Bb6 7. Qg4 Nf6 8.
Qxg7 Rg8 9. Qh6 d5 10. Bb5 Bd7 11. Bxc6 bxc6 12. e5 Rg6 13. Qh4 Ng4 14. Qxd8+
Rxd8 15. Bf4 c5 16. Nf3 f6 17. O-O fxe5 18. Nxe5 Nxe5 19. Bxe5 Kf7 20. Nd2 Bf5
21. Rad1 Bc2 22. Rc1 Bf5 23. Rfd1 Re8 24. Re1 Rge6 25. f4 Rg8 26. Kf2 Rge8 27.
Nf3 h6 28. h3 Be4 29. g4 R6e7 30. Kg3 a6 31. Re2 Bd3 32. Rd2 Be4 33. Re1 Re6
34. Rde2 R6e7 35. Rxe4 dxe4 36. Rxe4 Rd8 37. f5 Rd3 38. h4 c6 39. Kf4 Rd1 40.
g5 Rf1 41. g6+ Kg8 42. Bd6 Rxe4+ 43. Kxe4 Bd8 44. Bxc5 Bf6 45. a4 Rd1 46. Bd4
Kg7 47. b4 Ra1 48. a5 Rd1 49. Bxf6+ Kxf6 50. Nd4 Re1+ 51. Kd3 Rh1 52. Nxc6 Rxh4
53. Nb8 h5 54. Nxa6 Rh3+ 55. Kd4 h4 56. Nc7 Rd3+ 57. Kxd3 h3 58. Nd5+ Kg7 59.
f6+ Kf8 60. Ne7 1-0

[Event "1er Open International de Purticciu"]
[Site "Grosseto Prugna"]
[Date "2014.05.06"]
[Round "6.8"]
[White "Sonis, Francesco"]
[Black "Skomorokhin, Roman"]
[Result "0-1"]
[WhiteElo "2002"]
[BlackElo "2384"]
[PlyCount "118"]
[EventDate "2014.??.??"]

1. e4 c5 2. c3 e6 3. d4 d5 4. exd5 exd5 5. Nf3 Nc6 6. Be2 Bd6 7. O-O Nge7 8.
Nbd2 cxd4 9. Nxd4 Nxd4 10. cxd4 O-O 11. Nf3 Qb6 12. Bd3 Bf5 13. Bxf5 Nxf5 14.
Qd3 g6 15. a4 Rac8 16. a5 Qb4 17. g4 Ng7 18. Bd2 Qc4 19. Qxc4 Rxc4 20. Bc3 f6
21. Rfe1 Kf7 22. Nd2 Rcc8 23. Nf1 Ne6 24. Re3 Rh8 25. Rae1 Ng7 26. R3e2 h5 27.
h3 hxg4 28. hxg4 Rh4 29. f3 Rch8 30. Bd2 Rd8 31. Kg2 Rhh8 32. Kg1 Rc8 33. Bc3
Rc6 34. Kg2 Rd8 35. Ne3 Ne6 36. Nxd5 Bf8 37. Nb4 Bxb4 38. Bxb4 Nf4+ 39. Kg3
Nxe2+ 40. Rxe2 Re6 41. Rc2 Rd7 42. Rd2 Rc6 43. d5 Rc4 44. Ba3 Ra4 45. d6 Rxa5
46. Rc2 Rd5 47. Rh2 g5 48. Rh7+ Ke6 49. Rh2 a5 50. Rc2 b5 51. Bc5 b4 52. Re2+
Kf7 53. Rc2 Rd8 54. Bb6 R8xd6 55. Rc7+ Kg6 56. Bc5 Rd7 57. Rc6 Rd2 58. Bb6 Rxb2
59. Bxa5 Rdd2 0-1